Statistiques concernant Les plus grandes villes du Maroc

Cliquez ici pour prendre le quiz!

Statistiques générales

  • Ce quiz a été pris 10 155 fois
  • Le résultat moyen est 8 sur 15

Réponses sur la Carte

Les réponses sont colorées sur une échelle allant du rouge au vert en fonction du pourcentage des utilisateurs qui les ont devinées à leur premier essai. Vous pouvez retrouver ces pourcentages ci-dessous.
 

Statistiques - réponses

PopulationVille% Correct
577 827Rabat
95%
3 359 818Casablanca
93%
928 850Marrakech
91%
1 112 072Fès
78%
947 952Tanger
77%
421 844Agadir
65%
632 079Meknès
53%
494 252Oujda
52%
380 787Tétouan
43%
431 282Kénitra
34%
890 403Salé
33%
208 612Mohammédia
31%
308 508Safi
26%
313 510Témara
17%
196 196Khouribga
14%

Distribution des résultats

Percentile par nombre de réponses

% des personnes avec chaque résultat

Votre développement - résultats

Vous n’avez pas pris ce quiz